000 00301nam a22001337a 4500
008 170426b xxu||||| |||| 00| 0 eng d
020 _a9780534424534
041 _aeng
080 _2 8 ED
_a54
100 _a12
101 _aSHM
245 _aCHEMICAL PRINCIPLES
_cSLOWINSKI.E.J
942 _2udc
_cBK
999 _c12145
_d12145